Statistics for Every Tottenham Hotspur Manager

Click here to take the quiz!

General Stats

  • This quiz has been taken 33 times
  • The average score is 14 of 46

Answer Stats

YearsManager% Correct
2021-PresentAntonio Conte
94%
2019-2021Jose Mourinho
94%
2014-2019Mauricio Pochettino
84%
2008-2012Harry Redknapp
75%
2012-2013Andre Villas-Boas
72%
2021Nuno Espirito Santo
69%
2001-2003Glenn Hoddle
63%
2004-2007Martin Jol
56%
2013-2014Tim Sherwood
56%
2021 (i)Ryan Mason
53%
1993-1994Osvaldo Ardiles
50%
1987-1991Terry Venables
50%
2007-2008Juande Ramos
47%
1998-2001George Graham
44%
1958-1974Bill Nicholson
38%
1998 (c)David Pleat
34%
2003-2004David Pleat
34%
1986-1987David Pleat
34%
2001 (c)David Pleat
34%
1976-1984Keith Burkinshaw
34%
1997-1998Christian Gross
31%
1994-1997Gerry Francis
28%
2004Jacques Santini
28%
1994 (c)Steve Perryman
28%
1930-1935Percy Smith
25%
2008 (c)Clive Allen & Alex Inglethorpe
22%
2007 (c)Clive Allen & Alex Inglethorpe
22%
1992-1993 (c)Ray Clemence & Doug Livermore
22%
1974-1976Terry Neill
22%
1991-1992Peter Shreeves
16%
1984-1986Peter Shreeves
16%
1949-1955Arthur Rowe
13%
1997 (c)Chris Hughton
13%
1927-1929Billy Minter
6%
1955-1958Jimmy Anderson
6%
1987 (c)Trevor Hartley & Doug Livermore
6%
1898-1899Frank Brettel
3%
1946-1949Joe Hulme
3%
1899-1907John Cameron
3%
1935-1938John Tresadern
3%
1938-1942Peter McWilliam
3%
1912-1927Peter McWilliam
3%
1942-1946Arthur Turner
0%
1908-1912Arthur Turner
0%
1907-1908Fred Kirkham
0%
1935 (c)Wally Hardinge
0%

Score Distribution

Percentile by Number Answered

Percent of People with Each Score

Your Score History

You have not taken this quiz